<?xml version="1.0" encoding="UTF-8"?><?xml-stylesheet type="text/xsl" href="static/style.xsl"?><OAI-PMH xmlns="http://www.openarchives.org/OAI/2.0/" xmlns:xsi="http://www.w3.org/2001/XMLSchema-instance" xsi:schemaLocation="http://www.openarchives.org/OAI/2.0/ http://www.openarchives.org/OAI/2.0/OAI-PMH.xsd"><responseDate>2026-04-19T02:34:21Z</responseDate><request verb="GetRecord" identifier="oai:riubu.ubu.es:10259/4823" metadataPrefix="marc">https://riubu.ubu.es/oai/request</request><GetRecord><record><header><identifier>oai:riubu.ubu.es:10259/4823</identifier><datestamp>2021-11-10T09:38:21Z</datestamp><setSpec>com_10259_3725</setSpec><setSpec>com_10259_5086</setSpec><setSpec>com_10259_2604</setSpec><setSpec>col_10259_3726</setSpec></header><metadata><record xmlns="http://www.loc.gov/MARC21/slim" xmlns:doc="http://www.lyncode.com/xoai" xmlns:xsi="http://www.w3.org/2001/XMLSchema-instance" xmlns:dcterms="http://purl.org/dc/terms/" xsi:schemaLocation="http://www.loc.gov/MARC21/slim http://www.loc.gov/standards/marcxml/schema/MARC21slim.xsd">
<leader>00925njm 22002777a 4500</leader>
<datafield tag="042" ind1=" " ind2=" ">
<subfield code="a">dc</subfield>
</datafield>
<datafield tag="720" ind1=" " ind2=" ">
<subfield code="a">Fuente Anuncibay, Raquel de la</subfield>
<subfield code="e">author</subfield>
</datafield>
<datafield tag="720" ind1=" " ind2=" ">
<subfield code="a">Cuesta Gómez, José Luis</subfield>
<subfield code="e">author</subfield>
</datafield>
<datafield tag="260" ind1=" " ind2=" ">
<subfield code="c">2017</subfield>
</datafield>
<datafield tag="520" ind1=" " ind2=" ">
<subfield code="a">El aumento en la prevalencia del autismo ha generado un escenario en el que un elevado número&#xd;
de personas con Trastorno del Espectro del Autismo (TEA), están accediendo a estudios superiores,&#xd;
lo que plantea nuevos retos formativos y sociales. A partir de la iniciativa europea Autism and&#xd;
Uni, se pretende conocer la percepción que estudiantes con TEA, sus familias, y los profesores tienen&#xd;
de las posibilidades de éxito, los desafíos, los apoyos necesarios y, en general, la importancia&#xd;
que la preparación a la vida adulta, la orientación vocacional y la toma de decisiones tienen para&#xd;
garantizar su éxito. La investigación se ha desarrollado a partir de siete grupos de interés para los&#xd;
cuáles se elaboraron cuestionarios específicos mediante juicio de expertos, quedando una muestra&#xd;
de 280 personas de los que 140 pertenecían a personas con TEA. Los principales resultados de tipo&#xd;
cualitativo y descriptivos señalan que, la elegibilidad para el apoyo en la universidad consiste en&#xd;
combinar necesidades de la persona, de los procesos universitarios y de las dinámicas universitarias&#xd;
y formativas de cada país. Los apoyos para los estudiantes con TEA, debe cubrir además del&#xd;
contexto académico, otras áreas de la vida cotidiana con el fin de optimizar la adaptación y el rendimiento&#xd;
de los estudiantes durante sus años universitarios.</subfield>
</datafield>
<datafield tag="520" ind1=" " ind2=" ">
<subfield code="a">The increase in the prevalence of autism has generated a scenario in which a large number of&#xd;
people with Autism Spectrum Disorder (ASD) are entering higher education, which poses new&#xd;
educational and social challenges. The aim of the European initiative Autism and Uniis to determine the perception that students with ASD, their families and teachers have of the possibilities of&#xd;
success, the challenges and the necessary support. As well as to know, in general, the importance&#xd;
of being prepared for adult life, vocational guidance and decision-making to ensure their success.&#xd;
The research was based on seven groups for which specific questionnaires were developed through&#xd;
expert judgment, with a sample of 280 people of whom 140 were people with ASD. The main&#xd;
qualitative and descriptive results indicate that the eligibility for support in the university system&#xd;
consists of combining the needs of the person, the university processes and the university and&#xd;
training dynamics of each country. Support for students with ASD should cover other areas of&#xd;
everyday life in addition to those that are purely academic in order to optimise the adaptation and&#xd;
performance of students during their university years.</subfield>
</datafield>
<datafield tag="024" ind2=" " ind1="8">
<subfield code="a">0214-9877</subfield>
</datafield>
<datafield tag="024" ind2=" " ind1="8">
<subfield code="a">http://hdl.handle.net/10259/4823</subfield>
</datafield>
<datafield tag="024" ind2=" " ind1="8">
<subfield code="a">10.17060/ijodaep.2017.n1.v4.1023</subfield>
</datafield>
<datafield ind1=" " ind2=" " tag="653">
<subfield code="a">TEA</subfield>
</datafield>
<datafield ind1=" " ind2=" " tag="653">
<subfield code="a">educación superior</subfield>
</datafield>
<datafield ind1=" " ind2=" " tag="653">
<subfield code="a">orientación vocacional</subfield>
</datafield>
<datafield ind1=" " ind2=" " tag="653">
<subfield code="a">apoyos</subfield>
</datafield>
<datafield ind1=" " ind2=" " tag="653">
<subfield code="a">ASD</subfield>
</datafield>
<datafield ind1=" " ind2=" " tag="653">
<subfield code="a">higher education</subfield>
</datafield>
<datafield ind1=" " ind2=" " tag="653">
<subfield code="a">vocational education</subfield>
</datafield>
<datafield ind1=" " ind2=" " tag="653">
<subfield code="a">support</subfield>
</datafield>
<datafield tag="245" ind1="0" ind2="0">
<subfield code="a">Inclusión de alumnado con trastorno del espectro del autismo en la universidad: análisis y respuestas desde una dimensión internacional</subfield>
</datafield>
</record></metadata></record></GetRecord></OAI-PMH>